000 00482nam a2200157Ia 4500
008 160316s1985 xxu||||| |||| 00| 0 eng d
082 _a954.000000
_bDAT
100 _aDatta V N
245 _aSources on national movement. Vol.1
250 _a
260 _aBangalore
_bAllied Publications
_c1985
300 _a313p
_b
_c
365 _bRs.125/-
650 _a1. National Movement - India - Historical Sources 2. Historical Developments - National Movement - India
700 _a
_a
999 _c12134
_d12134